<?xml version="1.0" encoding="UTF-8"?>
<record
    xmlns:xsi="http://www.w3.org/2001/XMLSchema-instance"
    xsi:schemaLocation="http://www.loc.gov/MARC21/slim http://www.loc.gov/standards/marcxml/schema/MARC21slim.xsd"
    xmlns="http://www.loc.gov/MARC21/slim">

  <leader>00382nam a22001337a 4500</leader>
  <datafield tag="082" ind1=" " ind2=" ">
    <subfield code="a">340</subfield>
    <subfield code="b">SOH</subfield>
  </datafield>
  <datafield tag="100" ind1=" " ind2=" ">
    <subfield code="a">Sohail, Aftab</subfield>
  </datafield>
  <datafield tag="245" ind1=" " ind2=" ">
    <subfield code="a">English-1:</subfield>
    <subfield code="b">LL.B. 5 Years Program As per H.E.C. New Syllabus /</subfield>
    <subfield code="c">Aftab Sohail</subfield>
  </datafield>
  <datafield tag="260" ind1=" " ind2=" ">
    <subfield code="a">Lahore :</subfield>
    <subfield code="b">Mansoor Law Book House,</subfield>
    <subfield code="c">N.A.</subfield>
  </datafield>
  <datafield tag="300" ind1=" " ind2=" ">
    <subfield code="a">428 p. </subfield>
  </datafield>
  <datafield tag="563" ind1=" " ind2=" ">
    <subfield code="a">HB.</subfield>
  </datafield>
  <datafield tag="650" ind1=" " ind2=" ">
    <subfield code="a">Law, English for LLB</subfield>
    <subfield code="9">128043</subfield>
  </datafield>
  <datafield tag="942" ind1=" " ind2=" ">
    <subfield code="2">ddc</subfield>
    <subfield code="c">BK</subfield>
  </datafield>
  <datafield tag="999" ind1=" " ind2=" ">
    <subfield code="c">613065</subfield>
    <subfield code="d">613065</subfield>
  </datafield>
  <datafield tag="952" ind1=" " ind2=" ">
    <subfield code="0">0</subfield>
    <subfield code="1">0</subfield>
    <subfield code="2">ddc</subfield>
    <subfield code="4">0</subfield>
    <subfield code="6">340_000000000000000_SOH</subfield>
    <subfield code="7">0</subfield>
    <subfield code="9">637941</subfield>
    <subfield code="a">NLS</subfield>
    <subfield code="b">NLS</subfield>
    <subfield code="d">2025-03-03</subfield>
    <subfield code="l">0</subfield>
    <subfield code="o">340 SOH</subfield>
    <subfield code="p">NLS-275</subfield>
    <subfield code="r">2025-03-03</subfield>
    <subfield code="w">2025-03-03</subfield>
    <subfield code="y">BK</subfield>
  </datafield>
  <datafield tag="952" ind1=" " ind2=" ">
    <subfield code="0">0</subfield>
    <subfield code="1">0</subfield>
    <subfield code="2">ddc</subfield>
    <subfield code="4">0</subfield>
    <subfield code="6">340_000000000000000_SOH</subfield>
    <subfield code="7">0</subfield>
    <subfield code="9">637942</subfield>
    <subfield code="a">NLS</subfield>
    <subfield code="b">NLS</subfield>
    <subfield code="d">2025-03-03</subfield>
    <subfield code="l">0</subfield>
    <subfield code="o">340 SOH</subfield>
    <subfield code="p">NLS-276</subfield>
    <subfield code="r">2025-03-03</subfield>
    <subfield code="w">2025-03-03</subfield>
    <subfield code="y">BK</subfield>
  </datafield>
  <datafield tag="952" ind1=" " ind2=" ">
    <subfield code="0">0</subfield>
    <subfield code="1">0</subfield>
    <subfield code="2">ddc</subfield>
    <subfield code="4">0</subfield>
    <subfield code="6">340_000000000000000_SOH</subfield>
    <subfield code="7">0</subfield>
    <subfield code="9">637943</subfield>
    <subfield code="a">NLS</subfield>
    <subfield code="b">NLS</subfield>
    <subfield code="d">2025-03-03</subfield>
    <subfield code="l">0</subfield>
    <subfield code="o">340 SOH</subfield>
    <subfield code="p">NLS-277</subfield>
    <subfield code="r">2025-03-03</subfield>
    <subfield code="w">2025-03-03</subfield>
    <subfield code="y">BK</subfield>
  </datafield>
  <datafield tag="952" ind1=" " ind2=" ">
    <subfield code="0">0</subfield>
    <subfield code="1">0</subfield>
    <subfield code="2">ddc</subfield>
    <subfield code="4">0</subfield>
    <subfield code="6">340_000000000000000_SOH</subfield>
    <subfield code="7">0</subfield>
    <subfield code="9">637944</subfield>
    <subfield code="a">NLS</subfield>
    <subfield code="b">NLS</subfield>
    <subfield code="d">2025-03-03</subfield>
    <subfield code="l">0</subfield>
    <subfield code="o">340 SOH</subfield>
    <subfield code="p">NLS-278</subfield>
    <subfield code="r">2025-03-03</subfield>
    <subfield code="w">2025-03-03</subfield>
    <subfield code="y">BK</subfield>
  </datafield>
  <datafield tag="952" ind1=" " ind2=" ">
    <subfield code="0">0</subfield>
    <subfield code="1">0</subfield>
    <subfield code="2">ddc</subfield>
    <subfield code="4">0</subfield>
    <subfield code="6">340_000000000000000_SOH</subfield>
    <subfield code="7">0</subfield>
    <subfield code="9">638827</subfield>
    <subfield code="a">NLS</subfield>
    <subfield code="b">NLS</subfield>
    <subfield code="d">2025-03-15</subfield>
    <subfield code="l">0</subfield>
    <subfield code="o">340 SOH</subfield>
    <subfield code="p">NLS-1409</subfield>
    <subfield code="r">2025-03-15</subfield>
    <subfield code="w">2025-03-15</subfield>
    <subfield code="y">BK</subfield>
  </datafield>
  <datafield tag="952" ind1=" " ind2=" ">
    <subfield code="0">0</subfield>
    <subfield code="1">0</subfield>
    <subfield code="2">ddc</subfield>
    <subfield code="4">0</subfield>
    <subfield code="6">340_000000000000000_SOH</subfield>
    <subfield code="7">0</subfield>
    <subfield code="9">640297</subfield>
    <subfield code="a">NLS</subfield>
    <subfield code="b">NLS</subfield>
    <subfield code="d">2025-06-27</subfield>
    <subfield code="e">Pakistan Law House</subfield>
    <subfield code="l">0</subfield>
    <subfield code="o">340 SOH</subfield>
    <subfield code="p">NLS-2185</subfield>
    <subfield code="r">2025-06-27</subfield>
    <subfield code="w">2025-06-27</subfield>
    <subfield code="y">BK</subfield>
  </datafield>
  <datafield tag="952" ind1=" " ind2=" ">
    <subfield code="0">0</subfield>
    <subfield code="1">0</subfield>
    <subfield code="2">ddc</subfield>
    <subfield code="4">0</subfield>
    <subfield code="6">340_000000000000000_SOH</subfield>
    <subfield code="7">0</subfield>
    <subfield code="9">640298</subfield>
    <subfield code="a">NLS</subfield>
    <subfield code="b">NLS</subfield>
    <subfield code="d">2025-06-27</subfield>
    <subfield code="e">Pakistan Law House</subfield>
    <subfield code="l">0</subfield>
    <subfield code="o">340 SOH</subfield>
    <subfield code="p">NLS-2186</subfield>
    <subfield code="r">2025-06-27</subfield>
    <subfield code="w">2025-06-27</subfield>
    <subfield code="y">BK</subfield>
  </datafield>
  <datafield tag="952" ind1=" " ind2=" ">
    <subfield code="0">0</subfield>
    <subfield code="1">0</subfield>
    <subfield code="2">ddc</subfield>
    <subfield code="4">0</subfield>
    <subfield code="6">340_000000000000000_SOH</subfield>
    <subfield code="7">0</subfield>
    <subfield code="9">640299</subfield>
    <subfield code="a">NLS</subfield>
    <subfield code="b">NLS</subfield>
    <subfield code="d">2025-06-27</subfield>
    <subfield code="e">Pakistan Law House</subfield>
    <subfield code="l">0</subfield>
    <subfield code="o">340 SOH</subfield>
    <subfield code="p">NLS-2187</subfield>
    <subfield code="r">2025-06-27</subfield>
    <subfield code="w">2025-06-27</subfield>
    <subfield code="y">BK</subfield>
  </datafield>
  <datafield tag="952" ind1=" " ind2=" ">
    <subfield code="0">0</subfield>
    <subfield code="1">0</subfield>
    <subfield code="2">ddc</subfield>
    <subfield code="4">0</subfield>
    <subfield code="6">340_000000000000000_SOH</subfield>
    <subfield code="7">0</subfield>
    <subfield code="9">640300</subfield>
    <subfield code="a">NLS</subfield>
    <subfield code="b">NLS</subfield>
    <subfield code="d">2025-06-27</subfield>
    <subfield code="e">Pakistan Law House</subfield>
    <subfield code="l">0</subfield>
    <subfield code="o">340 SOH</subfield>
    <subfield code="p">NLS-2188</subfield>
    <subfield code="r">2025-06-27</subfield>
    <subfield code="w">2025-06-27</subfield>
    <subfield code="y">BK</subfield>
  </datafield>
  <datafield tag="952" ind1=" " ind2=" ">
    <subfield code="0">0</subfield>
    <subfield code="1">0</subfield>
    <subfield code="2">ddc</subfield>
    <subfield code="4">0</subfield>
    <subfield code="6">340_000000000000000_SOH</subfield>
    <subfield code="7">0</subfield>
    <subfield code="9">640301</subfield>
    <subfield code="a">NLS</subfield>
    <subfield code="b">NLS</subfield>
    <subfield code="d">2025-06-27</subfield>
    <subfield code="e">Pakistan Law House</subfield>
    <subfield code="l">0</subfield>
    <subfield code="o">340 SOH</subfield>
    <subfield code="p">NLS-2189</subfield>
    <subfield code="r">2025-06-27</subfield>
    <subfield code="w">2025-06-27</subfield>
    <subfield code="y">BK</subfield>
  </datafield>
  <datafield tag="952" ind1=" " ind2=" ">
    <subfield code="0">0</subfield>
    <subfield code="1">0</subfield>
    <subfield code="2">ddc</subfield>
    <subfield code="4">0</subfield>
    <subfield code="6">340_000000000000000_SOH</subfield>
    <subfield code="7">0</subfield>
    <subfield code="9">640302</subfield>
    <subfield code="a">NLS</subfield>
    <subfield code="b">NLS</subfield>
    <subfield code="d">2025-06-27</subfield>
    <subfield code="e">Pakistan Law House</subfield>
    <subfield code="l">0</subfield>
    <subfield code="o">340 SOH</subfield>
    <subfield code="p">NLS-2190</subfield>
    <subfield code="r">2025-06-27</subfield>
    <subfield code="w">2025-06-27</subfield>
    <subfield code="y">BK</subfield>
  </datafield>
  <datafield tag="952" ind1=" " ind2=" ">
    <subfield code="0">0</subfield>
    <subfield code="1">0</subfield>
    <subfield code="2">ddc</subfield>
    <subfield code="4">0</subfield>
    <subfield code="6">340_000000000000000_SOH</subfield>
    <subfield code="7">0</subfield>
    <subfield code="9">640303</subfield>
    <subfield code="a">NLS</subfield>
    <subfield code="b">NLS</subfield>
    <subfield code="d">2025-06-27</subfield>
    <subfield code="e">Pakistan Law House</subfield>
    <subfield code="l">0</subfield>
    <subfield code="o">340 SOH</subfield>
    <subfield code="p">NLS-2191</subfield>
    <subfield code="r">2025-06-27</subfield>
    <subfield code="w">2025-06-27</subfield>
    <subfield code="y">BK</subfield>
  </datafield>
</record>
